000 00414nam a2200169Ia 4500
001 35841
003 IN-NITTTR
005 20251114233433.0
008 251113s9999||||xx |||||||||||||| ||eng||
040 _beng
040 _cIN-NITTTR
041 _aeng
082 _aTJ828
100 _aFortmann, Jens
245 0 _aModeling of Wind Turbines with Doubly Fed Generator System /
_cFortmann, Jens
942 _2ddc
_cBK
999 _c35350
_d35350